5HLuxD.jpg

KING HENRY VIII SENIOR AND PRIMARY SCHOOL LIBRARY OPAC

SEAS & OCEANS (Record no. 5554)

000 -LEADER
fixed length control field 00298nam a22001097a 4500
008 - FIXED-LENGTH DATA ELEMENTS--GENERAL INFORMATION
fixed length control field 251002b ||||| |||| 00| 0 eng d
020 ## - INTERNATIONAL STANDARD BOOK NUMBER
International Standard Book Number 9781912944323
082 ## - DEWEY DECIMAL CLASSIFICATION NUMBER
Classification number 577.7 NEX
245 ## - TITLE STATEMENT
Title SEAS & OCEANS
260 ## - PUBLICATION, DISTRIBUTION, ETC.
Place of publication, distribution, etc. 152-160 CITY RD,LONDON EC1V 2NX,UNITED KINGDOM
Name of publisher, distributor, etc. NEXTQUISITE LTD
Date of publication, distribution, etc. 2020
942 ## - ADDED ENTRY ELEMENTS (KOHA)
Source of classification or shelving scheme
Holdings
Withdrawn status Lost status Source of classification or shelving scheme Damaged status Not for loan Collection code Permanent Location Current Location Shelving location Date acquired Total Checkouts Full call number Barcode Date last seen Date last checked out Price effective from Koha item type Public note
          Non-Fiction KH8 Primary School Library KH8 Primary School Library Non Fiction 2025-10-02 4 577.7 NEX KHPL000007263 2026-04-09 2026-03-03 2025-10-02 Books - Non Ficton PRIMARY LIBRARY

Powered By KH8 IT Dept